Quiz on the Year 2006 - Statistics

General Stats
  • This quiz has been taken 18,025 times
  • The average score is 10 of 16
Answer Stats
Hint Answer % Correct
Celestial body which was demoted to "dwarf planet" status Pluto
98%
Pixar movie featuring Lightning McQueen Cars
86%
New website which allowed people to post messages up to 140 characters in length Twitter
80%
New DVD format which competed against HD DVD Blu-ray
77%
Type of animal which killed Steve Irwin Stingray
77%
Video game system released by Nintendo Wii
72%
Actor who appeared as James Bond for the first time in "Casino Royale" Daniel Craig
70%
Country which broke away from Serbia, becoming the 192nd member of the UN Montenegro
69%
Former dictator who was executed by hanging Saddam Hussein
67%
Singer who said "I'm bringing sexy back" Justin Timberlake
65%
Teenage singer who released her first album with songs including "Tim McGraw" and "Teardrops on My Guitar" Taylor Swift
62%
French footballer who was sent off from the World Cup finals after headbutting an opponent Zinedine Zidane
55%
For the first time, a vaccine was released to target this virus which can cause cervical cancer HPV
42%
City which hosted the Winter Olympics Turin
31%
Author of the book "The Audacity of Hope" Barack Obama
26%
City where 362 people died from a stampede during the Stoning of the Devil ritual Mecca
26%
No matching quizzes found
Score Distribution
Percent of People with Each Score
Percentile by Number Answered
Your Score History
You have not taken this quiz